Gaming Quiz

Random Gaming or Sporcle Quiz

Sporcle-fied Video Game Characters (Images) Quiz Stats

 Plays Quiz not verified by Sporcle

Also try: Sporcle-fied Flags
Challenge
Share
Tweet
Score 0/20 Timer 04:00
0 Plays Today
Hint Answer % Correct
Pac-Man
99.1%
Kirby
87.8%
Mega Man
77.9%
Samus Aran
68%
Master Chief
62.3%
Kratos
55.6%
Dr. Robotnik
52.1%
Yoshi
49.7%
Steve
45%
Big Daddy
44.6%
Hint Answer % Correct
Shy Guy
43.2%
Sackboy
43.1%
Clank
42.5%
Gordon Freeman
40%
Amaterasu
33.3%
Dr. Neo Cortex
30.3%
Viewtiful Joe
28.3%
Sam Fisher
23.6%
Sir Arthur
19.2%
King Hippo
9.6%

You're not logged in!

Compare scores with friends on all Sporcle quizzes.
OR
Log In

You Might Also Like...

Show Comments

Extras

Top Quizzes Today


Score Distribution

Your Account Isn't Verified!

In order to create a playlist on Sporcle, you need to verify the email address you used during registration. Go to your Sporcle Settings to finish the process.

Report this User

Report this user for behavior that violates our Community Guidelines.

Details: